| 000 | 01690nam0a22002651 4500 | ||
|---|---|---|---|
| 001 | rc\3550464 | ||
| 005 | 20260407181406.0 | ||
| 021 |
_aRU _b[73-10302] |
||
| 035 | _a(NLR Aleph) 007674822 | ||
| 090 |
_a6474062 _c6474062 |
||
| 100 | _a20130115d1972 |||y0rusy50 ca | ||
| 101 | 0 | _arus | |
| 102 | _aRU | ||
| 105 | _ay z ||||| | ||
| 200 | 1 |
_aРешение Всесоюзного совещания по проблеме "Пути дальнейшего повышения эффективности и надежности трубопроводного транспорта газа". (4-7 сентября 1972 г., г. Харьков) _fЦентр. и Харьк. правл. Науч.-техн. о-ва нефт. и газовой пром-сти им. акад. И.М. Губкина. ВНИИГаз. Укрниигаз |
|
| 210 |
_aМосква _cБ. и. _d1972 |
||
| 215 |
_a9 с. _d20 |
||
| 532 | 1 | 3 | _aРешение Всесоюзного совещания по проблеме Пути дальнейшего повышения эффективности и надежности трубопроводного транспорта газа. (4-7 сентября 1972 г., г. Харьков) |
| 606 |
_aГазопроводы магистральные _2psbo |
||
| 710 | 1 | 2 |
_aВсесоюзное совещание по проблеме "Пути дальнейшего повышения эффективности и надежности трубопроводного транспорта газа" _eХарьков _f1972 _9731504 _3RU\NLR\AUTH\8810116110 |
| 801 | 0 |
_aRU _bNLR _gpsbo |
|
| 801 | 1 |
_aRU _bELAR _2rusmarc |
|
| 852 |
_aNLR _j72-4/39469 |
||
| 942 | _cBOOK | ||
| 980 | _aNB | ||